| 000 | 00852nam a2200229Ia 4500 | ||
|---|---|---|---|
| 003 | GCL | ||
| 005 | 20240530102402.0 | ||
| 008 | 140319s9999 xx 000 0 ara d | ||
| 040 |
_aGCL / _cGCL |
||
| 082 | 0 | 4 |
_a945.01 _bو ب |
| 100 | 1 | _aوديع فتحى عبد الله | |
| 245 | 1 | 0 |
_aبيزنطة ومسلمو جنوب ايطاليا وصقلية فى عهد باسيل الاول المقدونى (886-867 م) 273-253 هـ / _cوديع فتحى عبد الله |
| 260 |
_aالاسكندرية : _bمؤسسة شباب الجامعة ، _c1992 |
||
| 300 |
_a113 ص: _bخرائط ؛ _c24 سم |
||
| 650 | 0 | 4 | _aتاريخ |
| 650 | 0 | 4 | _aالاسلام |
| 650 | 0 | 4 | _aالتاريخ الاسلامى |
| 650 | 0 | 4 | _aالاسلام فى اوروبا |
| 650 | 0 | 4 | _aايطاليا |
| 653 | _aالمسلمون فى ايطاليا | ||
| 942 |
_2ddc _cBK |
||
| 999 |
_c31870 _d31870 |
||